Statistics for Shortest route through all world capitals

Click here to take the quiz!

General Stats

  • This quiz has been taken 299 times
    (172 since last reset)
  • The average score is 69 of 197

Answer Stats

Distance [km]CapitalDistance [mi]% Correct
N/A{Dublin}/IrelandN/A
96%
461London/United Kingdom287
95%
360Amsterdam/Netherlands223
87%
264Paris/France164
84%
173Brussels/Belgium107
84%
286Luxembourg/Luxembourg178
80%
312Bern/Switzerland194
75%
159Vaduz/Liechtenstein99
74%
412Monaco/Monaco256
69%
498Andorra la Vella/Andorra310
66%
494Madrid/Spain307
66%
501Lisbon/Portugal311
66%
633Tunis/Tunisia393
65%
518Tripoli/Libya322
65%
947Algiers/Algeria587
65%
564Rabat/Morocco350
65%
356Valletta/Malta221
63%
691Rome/Italy429
63%
0Vatican City/Vatican City0
63%
226San Marino/San Marino140
61%
286Ljubljana/Slovenia178
61%
117Zagreb/Croatia73
61%
300Budapest/Hungary187
56%
160Bratislava/Slovakia99
56%
55Vienna/Austria34
56%
395Helsinki/Finland246
55%
282Riga/Latvia175
55%
80Tallinn/Estonia50
55%
252Prague/Czech Republic157
55%
417Stockholm/Sweden259
55%
485Oslo/Norway301
55%
356Copenhagen/Denmark221
55%
281Berlin/Germany175
55%
559Warsaw/Poland347
50%
174Minsk/Belarus108
50%
175Pristina/Kosovo109
49%
297Sofia/Bulgaria184
49%
359Bucharest/Romania223
49%
403Chișinău/Moldova250
49%
752Kiev/Ukraine467
49%
672Moscow/Russia418
49%
394Vilnius/Lithuania245
49%
243Belgrade/Serbia151
48%
191Sarajevo/Bosnia and Herzegovina119
48%
175Podgorica/Montenegro109
48%
130Tirana/Albania81
48%
489Athens/Greece304
48%
178Damascus/Syria111
47%
434Jerusalem/Israel269
47%
155Skopje/North Macedonia96
47%
1,117Cairo/Egypt694
46%
81Beirut/Lebanon51
46%
65Amman/Jordan40
46%
240Nicosia/Cyprus149
44%
173Tbilisi/Georgia107
43%
444Baku/Azerbaijan276
43%
992Yerevan/Armenia616
43%
774Ashgabat/Turkmenistan481
42%
530Ankara/Turkey329
42%
667Tehran/Iran414
41%
696Baghdad/Iraq432
40%
686Islamabad/Pakistan426
39%
476Bishkek/Kyrgyzstan296
39%
815Pyongyang/North Korea506
39%
196Seoul/South Korea122
39%
369Kabul/Afghanistan229
39%
536Riyadh/Saudi Arabia334
39%
1,165Tokyo/Japan724
39%
424Muscat/Oman263
39%
301Abu Dhabi/United Arab Emirates187
39%
141Doha/Qatar88
39%
430Manama/Bahrain267
39%
1,163Beijing/China723
39%
556Kuwait City/Kuwait345
39%
2,555Ulaanbaatar/Mongolia1,587
39%
952Astana/NurSultan/Kazakhstan592
38%
310Tashkent/Uzbekistan192
38%
445Dushanbe/Tajikistan277
38%
1,949New Delhi/India1,211
37%
2,373Dili/East Timor1,475
31%
2,882Port Moresby/Papua New Guinea1,791
31%
2,328Canberra/Australia1,447
31%
2,438Wellington/New Zealand1,514
31%
1,151Apia/Samoa715
31%
1,078Funafuti/Tuvalu670
31%
1,070Suva/Fiji665
31%
1,290Port Vila/Vanuatu801
31%
1,254Honiara/Solomon Islands779
31%
666South Tarawa/Kiribati414
31%
1,460Majuro/Marshall Islands907
31%
3,713Palikir/Micronesia (Fed. States)2,307
31%
890Nukuʻalofa/Tonga553
30%
704Yaren/Nauru437
30%
1,523Jakarta/Indonesia946
30%
534Bangkok/Thailand332
29%
998Phnom Penh/Cambodia620
29%
309Kuala Lumpur/Malaysia192
29%
902Singapore/Singapore561
29%
1,267Bandar Seri Begawan/Brunei788
29%
732Dhaka/Bangladesh455
28%
406\135\998Pretoria/South Africa252\84\620
28%
2,048Ngerulmud/Palau1,273
28%
478Hanoi/Vietnam297
28%
1,027Naypyidaw/Myanmar639
28%
427Kathmandu/Nepal265
27%
1,161Manila/Philippines721
27%
416Thimphu/Bhutan259
27%
2,392Taipei/Taiwan1,486
27%
520Vientiane/Laos323
27%
2,380Sri Jayawardenepura Kotte/Sri Lanka1,480
26%
767Malé/Maldives476
26%
2,232Victoria/Seychelles1,387
26%
909Maputo/Mozambique565
26%
1,742Port Louis/Mauritius1,082
25%
1,056Antananarivo/Madagascar656
25%
921Moroni/Comoros572
25%
552Dodoma/Tanzania343
25%
803Nairobi/Kenya499
24%
263Gaborone/Botswana163
24%
388Harare/Zimbabwe241
24%
927Windhoek/Namibia576
24%
682Khartoum/Sudan424
24%
377Kigali/Rwanda234
24%
512Kampala/Uganda318
24%
1,184Juba/South Sudan736
24%
567Asmara/Eritrea352
24%
561Djibouti/Djibouti348
24%
1,545Mogadishu/Somalia960
24%
491Maseru/Lesotho305
24%
545Kinshasa/D.R. Congo338
23%
1,579Luanda/Angola981
23%
12Brazzaville/R. Congo7
23%
1,494{Dublin}/Ireland928
23%
158Mbabane/eSwatini98
23%
893Lilongwe/Malawi555
23%
441Sana'a/Yemen274
23%
605Lusaka/Zambia376
23%
1,064Addis Ababa/Ethiopia661
23%
164Gitega/Burundi102
22%
828Libreville/Gabon515
22%
904Abuja/Nigeria563
21%
155Lomé/Togo97
21%
599\625Porto-Novo/Benin372\388
21%
171Accra/Ghana106
21%
951N'Djamena/Chad591
21%
307Yaoundé/Cameroon191
21%
441Malabo/Equatorial Guinea247
21%
781Bangui/Central African Republic485
21%
730Ottawa/Canada453
20%
1,544Washington D.C./United States959
20%
304São Tomé/São Tomé and Principe189
20%
702Bamako/Mali436
20%
413Ouagadougou/Burkina Faso257
20%
3,863Reykjavik/Iceland2400
20%
1,141Santiago/Chile709
19%
940Havana/Cuba584
19%
1,047Panama City/Panama650
19%
1,022Caracas/Venezuela635
19%
735Bogotá/Colombia457
19%
1,339Quito/Ecuador832
19%
1,475Lima/Peru916
19%
550Nassau/Bahamas342
19%
1,900\1,698La Paz/Bolivia1,180\1,055
19%
207Buenos Aires/Argentina129
19%
138Conakry/Guinea86
19%
1,457Asunción/Paraguay906
19%
4,331Brasilia/Brazil2,691
19%
876Praia/Cape Verde544
19%
178Dakar/Senegal110
19%
197Banjul/Gambia123
19%
914Niamey/Niger568
19%
704Yamoussoukro/Cote d'Ivoire438
19%
608Monrovia/Liberia378
19%
334Bissau/Guinea-Bissau207
19%
361Freetown/Sierra Leone224
19%
1,087Montevideo/Uruguay676
19%
514San José/Costa Rica319
18%
935Bridgetown/Barbados581
18%
97Castries/St. Lucia60
18%
238Tegucigalpa/Honduras148
18%
389Nouakchott/Mauritania242
18%
340Managua/Nicaragua211
18%
1,113Belmopan/Belize692
17%
1,057Mexico City/Mexico657
17%
174Guatemala City/Guatemala108
17%
222San Salvador/El Salvador138
17%
774Santo Domingo/Dominican Republic481
17%
483Kingston/Jamaica300
17%
248Port-au-Prince/Haiti154
17%
209Saint John's/Antigua and Barbuda130
17%
151Roseau/Dominica94
17%
345Paramaribo/Suriname214
17%
559Georgetown/Guyana348
17%
158Port-of-Spain/Trinidad and Tobago98
17%
592Saint George's/Grenada368
17%
174Kingstown/St. Vincent and the Grenadines108
16%
95Basseterre/St. Kitts and Nevis59
15%

Score Distribution

Percentile by Number Answered

Percent of People with Each Score

Your Score History

You have not taken this quiz since the last reset